1473 1592 1305 1339 1352 1077 1720 1832 1521 1511 1577 1530 1353 1833 1326 1307 1760 1418 1605 1744 1051 1761 1344 1125 1606 1452 1378 1072 1769 1226 1005 1894 1434 1830 1068 1997 1394 1891 1350 1604 1653 1138 1038 1764 1116 1902 1523 1887 1106 1997 1288 1294 1750 1421 1200 1055 1081 1886 1405 1927 1639 1643 1623 1119 1245 1904 1107 1216 1382 1958 1663 1436 1207 1865 1971 1134 1620 1772 1306 1972 1005 1084 1072 1972 1940 1037 1943 1347 1796 1762 1003 1376 1673 1866 1037 1530 1713 1157 1917 BCNSPRNW ULIB Ver.6.0+V

เปลี่ยนเป็นภาษาไทย

Change to English
 แสดงรายละเอียดบรรณานุกรม
  กลับหน้าหลัก

Brief Record : Get Marc (ISO 2709) : E-mail record : QR code < ปิดหน้าต่าง
LEADER : 00000nam 2200000uu 4500
001    13399126590
003     ULIB
008    190118s2561||||th 000 0 tha d
020 ^  ^a9786163660565
050  0 ^aนว^bน473พ
100 0  ^aนายตะวัน.
245 1  ^aเพลงรักปีศาจ ชุดซีรีส์ราชสีห์ /^cนายตะวัน.
250 ^  ^aพิมพ์ครั้งที่ 1.
260 ^  ^aกรุงเทพฯ :^bแสงจันทร์นวล,^c2561.
300 ^  ^a500 หน้า ;^c19 ซม.
490 0  ^aราชสีห์ ;^v9
945    ^p370^l0^i004785
999    ^aประนอม เกษจรัล
รายการนี้ยังไม่มีแท็ก
คุณยังไม่ได้ล็อกอิน คุณสามารถมีกิจกรรมร่วมกับเว็บไซต์ได้ แต่ต้องล็อกอินก่อน ::
  ล็อกอิน

รายการสื่อสารสนเทศ

ลำดับที่ ประเภท เลขเรียก/บาร์โค้ด สถานที่ สถานะ
1. นวนิยาย
นวนิยาย
นว น473พ ฉ.1 
  Barcode: 004785
ห้องสมุดวิทยาเขตสวรรค์ประชารักษ์
►นวนิยาย
บนชั้น
  ขอยืม

รายการใกล้เคียง
    ผู้แต่ง [นายตะวัน.]

BibComment


ยังไม่เคยถูกคอมเมนท์

คอมเมนท์ทรัพยากรรายการนี้
  คอมเมนท์: เพลงรักปีศาจ ชุด..


 Copyright 2026. Bcnsprnw @Library